| 000 | 004590000a22001930004500 | ||
|---|---|---|---|
| 999 |
_c47876 _d47876 |
||
| 001 | 672 | ||
| 003 | CO-MdFUSB | ||
| 005 | 20190312153104.0 | ||
| 008 | 190312b ||||| |||| 00| 0 eng d | ||
| 020 | _a0-590-41173-X | ||
| 040 | _cCO-MdBIC | ||
| 082 | 0 | 4 | _a813C B76cr |
| 100 | 1 | _aBridwell, Norman | |
| 245 | 1 | 0 | _aCliffords riddles / Norman Bridwell |
| 260 | _aNew York : Scholastic | ||
| 300 | _a32 p. | ||
| 650 | 1 | 4 | _aLiteratura Infantil |
| 942 | _cLGB | ||